000 00380nam a2200169Ia 4500
008 221030s9999 xx 000 0 und d
020 _a812031252X
041 _aEnglish
082 _a105.23
_bRam
100 _aR. Majumdar
245 0 _aProduct Management In India
250 _a2nd
260 _bPHI
_aNew Delhi
_c2003
300 _a347
650 _aManagement
942 _cBK
999 _c2396
_d2396